000 00485nam a22001697a 4500
005 20240108101904.0
008 220209b ||||| |||| 00| 0 eng d
020 _a978-93-87-686-42-7
041 _aeng
082 _a615.19
_bDAS-P
100 _aDAS, SUDIP , MANTRY Dr. SSHUBHRAJIT AND SHANKAR RAVI
_98271
245 _aA PRACTICAL BOOK OF PHYSICAL PHARMACEUTICS [SEM-III AND IV]
260 _aPUNE
_bNIRALI PRAKASHAN
300 _a70;p
650 _aPHARMACY
_xB.PHARMA
942 _cBK
999 _c7882
_d7880